| 000 | 01423nam a2200325 a 4500 | ||
|---|---|---|---|
| 001 | 000020381 | ||
| 003 | DO-SdBNP | ||
| 005 | 20180312134012.0 | ||
| 008 | 150130s2004 dr ac 000 0 spa d | ||
| 020 | _a8482616811 | ||
| 040 |
_aBPMSU _bspa _cBPMSU |
||
| 092 |
_a372.7 _bS237m, 3ro 2004 |
||
| 100 | 1 | _aSantos, Altagracia | |
| 245 | 1 | 0 |
_aMatemáticas 3 : _beducación básica / _cAltagracia Santos; editor Andrés Molina Moloon |
| 260 |
_aSanto Domingo : _bSantillana, _c2004 |
||
| 300 |
_a191 p. : _bil., retrs. _c30 cm. _e+ CD- ROM |
||
| 490 | 1 | _aÁmbar | |
| 500 | _a | ||
| 505 |
_tUnidades de millar -- _tSuma y resta -- _tLa multiplicación -- _tLa división -- _tDecenas de millar -- _tLas fracciones -- _tMedidas de longitud -- _tEl tiempo -- _tÁrea -- _tÁngulos -- _tFiguras geométricas -- _tCuerpos geométricos -- _tOtras medidas -- _tEstadística |
||
| 650 | 4 |
_aMATEMÁTICAS _xEDUCACIÓN ELEMENTAL |
|
| 650 | 4 |
_aMATEMÁTICAS _xESTUDIOS Y EJERCICIOS |
|
| 650 | 4 |
_aEDUCACIÓN PRIMARIA _zREPÚBLICA DOMINICANA |
|
| 650 | 4 |
_aMATEMÁTICAS _xLIBROS DE TEXTOS |
|
| 700 | 1 |
_aMolina Maloon, Andrés _4ed. |
|
| 830 | 0 | _aÁmbar | |
| 910 | _aValidado. Control de calidad MFF | ||
| 942 |
_2ddc _cBK |
||
| 945 | _a Inventario / 2018 VM | ||
| 956 |
_aVMATEO _b10 _c20150707 _lBPMSU _h00151 |
||
| 999 |
_c9512 _d9512 |
||